=LDR 00000nam 2200000 4500 =001 INLIS000000000033576 =005 20130612135525 =008 ***********************************ind** =035 ##$$0010-061300000033576 =041 ##$$a ind =082 ##$$a 621. 9 =090 ##$$a 621. 9, Roz m =100 ##$$a Rozali, Antonius B, de =245 ##$$a Mendirikan bengkel mini, Antonius B, de Rozali =260 ##$$a 2009 $b Jakarta =300 ##$$a iv, 42 hlm, ilus, 21 cm =650 ##$$a Alat pelengkapan teknik =850 ##$$a NBPNMAT